Borussia Dortmund Goalkeeper By Year - Statistics

General Stats
  • This quiz has been taken 800 times
    36 since last reset
  • The average score is 28 of 60
Answer Stats
Season Goalkeeper % Correct
2025-26 Gregor Kobel
97%
2024-25 Gregor Kobel
97%
2023-24 Gregor Kobel
97%
2022-23 Gregor Kobel
97%
2021-22 Gregor Kobel
97%
2014-15 Roman Weidenfeller
97%
2013-14 Roman Weidenfeller
97%
2012-13 Roman Weidenfeller
97%
2011-12 Roman Weidenfeller
97%
2010-11 Roman Weidenfeller
97%
2009-10 Roman Weidenfeller
97%
2008-09 Roman Weidenfeller
97%
2006-07 Roman Weidenfeller
97%
2005-06 Roman Weidenfeller
97%
2004-05 Roman Weidenfeller
97%
2003-04 Roman Weidenfeller
97%
2020-21 Roman Bürki
91%
2019-20 Roman Bürki
91%
2018-19 Roman Bürki
91%
2017-18 Roman Bürki
91%
2016-17 Roman Bürki
91%
2015-16 Roman Bürki
91%
2002-03 Jens Lehmann
56%
2001-02 Jens Lehmann
56%
2000-01 Jens Lehmann
56%
1999-00 Jens Lehmann
56%
1998-99 Stefan Klos
25%
1997-98 Stefan Klos
25%
1996-97 Stefan Klos
25%
1995-96 Stefan Klos
25%
1994-95 Stefan Klos
25%
1993-94 Stefan Klos
25%
1992-93 Stefan Klos
25%
1991-92 Stefan Klos
25%
1985-86 Eike Immel
19%
1984-85 Eike Immel
19%
1983-84 Eike Immel
19%
1982-83 Eike Immel
19%
1981-82 Eike Immel
19%
1980-81 Eike Immel
19%
1979-80 Eike Immel
19%
1990-91 Wolfgang de Beer
16%
1989-90 Wolfgang de Beer
16%
1988-89 Wolfgang de Beer
16%
1987-88 Wolfgang de Beer
16%
1986-87 Wolfgang de Beer
16%
2003-04 Guillaume Warmuz
9%
1965-66 Hans Tilkowski
9%
1964-65 Hans Tilkowski
9%
1963-64 Hans Tilkowski
9%
1978-79 Horst Bertram
9%
1977-78 Horst Bertram
9%
1976-77 Horst Bertram
9%
2007-08 Marc Ziegler
9%
1967-68 Bernhard Wessel
6%
1966-67 Bernhard Wessel
6%
1971-72 Jürgen Rynio
6%
1970-71 Jürgen Rynio
6%
1969-70 Jürgen Rynio
6%
1968-69 Klaus Günther
6%
No matching quizzes found
Score Distribution
Percent of People with Each Score
Percentile by Number Answered
Your Score History
You have not taken this quiz since the last reset